MARC

LEADER 00000nam0a2200000 4500
001 299686
005 20231102001228.0
020 |a RU  |b 83-2902 
035 |a (RuTPU)RU\TPU\book\324838 
090 |a 299686 
100 |a 20150701d1982 m y0rusy5003 ca 
101 0 |a rus 
102 |a BY 
105 |a y j 001zy 
200 1 |a Сборник задач по алгебре и теории чисел  |e учебное пособие для физико-математических факультетов пединститутов  |f Л. Б. Шнеперман 
210 |a Минск  |c Вышэйшая школа  |d 1982 
215 |a 223 с. 
320 |a Библиогр.: с. 220-221 
606 1 |a Алгебра  |2 stltpush  |3 (RuTPU)RU\TPU\subj\1723  |9 30429 
606 1 |a Чисел теория  |2 stltpush  |3 (RuTPU)RU\TPU\subj\18752  |9 44127 
610 1 |a задачи 
610 1 |a решение 
610 1 |a теория множеств 
610 1 |a математическая логика 
610 1 |a комплексные числа 
610 1 |a матрицы 
610 1 |a линейные пространства 
610 1 |a линейные неравенства 
610 1 |a группы 
610 1 |a кольца 
610 1 |a алгебраические числа 
610 1 |a учебные пособия 
675 |a 512(076)  |z rus  |v 3 
675 |a 511(076)  |z rus  |v 3 
700 1 |a Шнеперман  |b Л. Б.  |g Лев Борисович  |4 070 
801 0 |a RU  |b RuMRKP  |c 19950704  |g psbo 
801 1 |a RU  |b 63413507  |c 20150701 
801 2 |a RU  |b 63413507  |c 20180607  |g RCR 
942 |c BK